Sports Quiz

Random Sports or NFL Quiz

NFL QB Starters from BCS Schools Quiz Stats

 Plays Quiz not verified by Sporcle

Score 0/64 Timer 10:00
0 Plays Today
# of Starts School % Correct
724Notre Dame
93.6%
705Stanford
91%
578Miami (FL)
86.3%
251Tennessee
83.3%
551UCLA
81.5%
271Pittsburgh
75.1%
352Ole Miss
73.8%
147Syracuse
72.5%
93Virginia Tech
72.1%
358Arizona State
70%
61Auburn
68.7%
345Penn State
68.2%
333Washington State
68.2%
135Florida
63.5%
460Michigan
62.7%
308Boston College
58.4%
95Colorado
56.2%
661Washington
54.9%
572Southern Cal
54.5%
310Illinois
51.5%
614Alabama
46.8%
51Oregon State
46.4%
187West Virginia
41.6%
424Maryland
38.6%
570Oregon
38.2%
789Purdue
36.9%
233Florida State
35.6%
27Iowa
33.5%
4UCONN
32.6%
388Georgia
29.6%
245Virginia
29.6%
218Louisville
27%
# of Starts School % Correct
124Indiana
24.9%
151Ohio State
20.2%
361LSU
19.7%
205Texas
15.9%
412California
14.6%
18Rutgers
13.3%
0North Carolina, Oklahoma, South Florida
13.3%
278Kentucky
12.4%
79Nebraska
12.4%
74Northwestern
12%
30South Carolina
12%
42Clemson
9.9%
298N.C. State
9%
258Kansas State
9%
238Duke
9%
223Kansas
9%
289Michigan State
8.2%
255Arkansas
8.2%
50Wisconsin
7.7%
47Texas Tech
6.9%
54Iowa State
6%
14Oklahoma State
6%
14Arizona
6%
2Minnesota
6%
139Baylor
5.6%
138Vanderbilt
5.6%
16Texas A&M
5.2%
1Georgia Tech
5.2%
177Wake Forest
4.3%
34Cincinnati
4.3%
19Mississippi State
3.9%
5Missouri
3.9%

You're not logged in!

Compare scores with friends on all Sporcle quizzes.
OR
Log In

Show Comments

Extras

Created Oct 12, 2010SourceReportNominate
Tags:NFL Quiz, BCS, Quarterbacks

Top Quizzes Today


Score Distribution

Your Account Isn't Verified!

In order to create a playlist on Sporcle, you need to verify the email address you used during registration. Go to your Sporcle Settings to finish the process.

Report this User

Report this user for behavior that violates our Community Guidelines.

Details: